000 01190nam a2200349 c 4500
001 22419
003 ES-MaCES
005 20150929135823.0
008 090908s2009 sp t 100 | spa d
017 _aM 2824-2009
_bDL
035 _aCES20090009010m
040 _aES-MaCES
_bspa
_cES-MaCES
245 0 3 _aEl valor de la coordinación en la solución de los conflictos laborales
_b: mediación y arbitraje en España
_c[patrocina, Fundación SIMA]
260 _aMadrid
_bComisión Ejecutiva Confederal de UGT
_c[2008]
300 _a143 p.
_c24 cm
500 _aTít. tomado de la cub.
541 _cGratuito
650 4 _aconflicto de trabajo
_928367
650 4 _aarreglo de conflicto
_927305
650 4 _amediación
_929897
650 4 _aarbitraje
_927302
650 4 _anegociación colectiva
_928362
650 4 _aacuerdo económico
_927961
650 4 _aEspaña
_926964
653 1 0 _aRelaciones laborales-Empleo
650 4 _930664
_aconcertación social
710 2 _aFundación SIMA
_ecol.
_93909
710 2 _aUnión General de Trabajadores de España
_eed.
_95144
902 _aLIB Libro
942 _2CES
_cBK
_h2.0.
999 _c22419
_d22419